000 00974nam a2200253Ia 4500
003 OSt
005 20221005110526.0
006 a|||||r|||| 00| 0
007 ta
008 221004b |||||||| |||| 00| 0 hin d
020 _a8177143220 (hbk)
_c300
024 _a100197
037 _b422, 25/03/2010, Swaraj Prakashan
_cTextual
040 _aCRL
_cCRL
_bhin
041 _2hin
_ahin
082 _aO152,1NRU:g, P8
100 _aनवल, नन्दकिशोर
245 0 _aउत्तर - छायावाद और रामगोपाल शर्मा ‘रूद्र’
246 _aUttar - chhāyāvād aur rāmagopāl sharmā ‘rūdra’
260 _aनई दिल्ली
_bप्रकाशन संस्थान भारत
_c2008
300 _a291पृ0
_ccm.
942 _hO152,1NRU:g, P8
_cTEXL
_2cc
999 _c1019082
_d1019082